| 000 | 00614nam a2200205Ia 4500 | ||
|---|---|---|---|
| 003 | GCL | ||
| 008 | 140319s9999 xx 000 0 ara d | ||
| 040 |
_aGCL / _cGCL |
||
| 082 | 0 | 4 |
_a811.94 _bع ى |
| 100 | 1 | _aعزالدين المناصرة | |
| 245 | 1 | 0 |
_aياعنب الخليل (هدية الاديب عبدالفتاح الجمل) / _cعزالدين المناصرة |
| 300 | _a94 | ||
| 490 |
_aكتاب _v0 |
||
| 650 | 0 | 4 | _aالشعر العربى |
| 650 | 0 | 4 | _aالادب العربى |
| 650 | 0 | 4 | _aالعصر الحديث |
| 650 | 0 | 4 | _aالادب |
| 650 | 0 | 4 | _aالشعر الحر |
| 942 |
_2ddc _cBK |
||
| 999 |
_c40834 _d40834 |
||